000
00281nam a2200121 a 4500
008
101022s1987|||| d
100
1
_a
Lubinski, Slawomir
245
1
0
_a
Balada o Januškovi
260
_b
Smena
_a
Bratislava
_c
1987
041
_a
slo
020
_c
24
044
_a
xo
_c
SK
999
_c
12029
_d
12029